Statistics for Name the singers of these songs!

Click here to take the quiz!

General Stats

  • This quiz has been taken 676 times
  • The average score is 6 of 15

Answer Stats

HintAnswer% Correct
Gangnam StylePsy
85%
StarshipsNicki Minaj
79%
BoyfriendJustin Bieber
77%
22Taylor Swift
76%
Boom Boom PowBlack Eyed Peas
67%
The One That Got AwayKaty Perry
61%
Rumour Has ItAdele
60%
One More NightMaroon 5
45%
SometimesBritney Spears
23%
Your Love Is My DrugKe$ha
23%
My PrerogativeBobby Brown
10%
Good TimeOwl City & Carly Rae Jepsen
3%
DJ Got Us Fallin' in LoveUsher ft. Pitbull
3%
AdviceChristina Grimmie
1%
If You Don't Know Me By NowHarold Melvin and the Blue Note
1%

Score Distribution

Percentile by Number Answered

Percent of People with Each Score

Your Score History

You have not taken this quiz